| 000 | 00713nam a2200253 a 4500 | ||
|---|---|---|---|
| 001 | nice12345678 | ||
| 003 | IN_TiNIC | ||
| 005 | 20260116013755.0 | ||
| 008 | 050524s1999 newa grp 000 0 eng | ||
| 020 |
_a8121535 _c675 |
||
| 082 | 0 | 0 |
_a297.1 _bREN |
| 100 | _aRenard, John | ||
| 245 |
_aWindows on the House of Islam _b Muslim Sources on Spirituality and Religious Li |
||
| 260 |
_aNew Delhi _bMunshiram Manoharlal Publishers _c1999 |
||
| 300 | _a431p. | ||
| 500 | _aincludes index and biblioraphy | ||
| 505 | 2 | _aCommunal and Ethinic Violence in India. | |
| 650 | _aIslam-Meccan Trade | ||
| 650 | _aSufism | ||
| 700 | 1 | _aRenard, John | |
| 902 | _bSRS | ||
| 942 | _cBK | ||
| 999 |
_c12427 _d12427 |
||